=LDR 00000nam 2200000 4500 =001 INLIS000000000011733 =005 20130612103257 =008 ***********************************Ind** =035 ##$$0010-061300000011733 =041 ##$$a Ind =082 ##$$a 632.3 =090 ##$$a 632.3, Jaf d =100 ##$$a Jafaruddin =245 ##$$a dasar - dasar pengendalian penyakit tanaman, Djaffaruddin =260 ##$$a 2000 $b Jakarta =300 ##$$a ix, 271 hlm, 21 cm =650 ##$$a Tanaman =650 ##$$a Penyakit =850 ##$$a NBPNMAT